书目信息 |
| 题名: |
政治学基础
|
|
| 作者: | 李景治 , 杨光斌 主编 | |
| 分册: | ||
| 出版信息: | 北京 九州出版社 2004 |
|
| 页数: | 362页 | |
| 开本: | 20cm | |
| 丛书名: | ||
| 单 册: | ||
| 中图分类: | D0 | |
| 科图分类: | ||
| 主题词: | 政治学--党校--教材 | |
| 电子资源: | ||
| ISBN: | 7-80114-897-5 | |
| 000 | 00808nam0 22002292 4505 | |
| 001 | 192004003865 | |
| 005 | 20070911095124.42 | |
| 010 | @a7-80114-897-5@dCNY14.90 | |
| 100 | @a20070602d2004 ekmy0chiy0121 ea | |
| 101 | 0 | @achi |
| 102 | @aCN@b110000 | |
| 105 | @ay z 000yy | |
| 200 | 1 | @a政治学基础@Azheng zhi xue ji chu@f李景治, 杨光斌主编 |
| 210 | @a北京@c九州出版社@d2004 | |
| 215 | @a362页@d20cm | |
| 330 | @a本书以权力为起点的写作安排将使读者更加能够运用所学的政治学理论,分析中国乃至世界政治现实,全书的主要内容包括:政治的性质、政治制度、政治过程、政治发展四部分。本书适合政治学专业学员以及广大党政干部学习参考。 | |
| 606 | 0 | @a政治学@x党校@j教材 |
| 690 | @aD0@v4 | |
| 701 | 0 | @a李景治@Ali jing zhi@4主编 |
| 701 | 0 | @a杨光斌@Ayang guang bin@4主编 |
| 801 | 0 | @aCN@c20070911 |
| 905 | @dD0@eL189 | |
| 政治学基础/李景治, 杨光斌主编.-北京:九州出版社,2004 |
| 362页;20cm |
| ISBN 7-80114-897-5:CNY14.90 |
| 本书以权力为起点的写作安排将使读者更加能够运用所学的政治学理论,分析中国乃至世界政治现实,全书的主要内容包括:政治的性质、政治制度、政治过程、政治发展四部分。本书适合政治学专业学员以及广大党政干部学习参考。 |
| ● |
| 相关链接 |
|
|
|
正题名:政治学基础
索取号:D0/L189
 
预约/预借
| 序号 | 登录号 | 条形码 | 馆藏地/架位号 | 状态 | 备注 |
| 1 | 621159 | 206211598 | 社科库509/509社科库 66排8列5层/ [索取号:D0/L189] | 在馆 | |
| 2 | 621160 | 206211605 | 社科库509/509社科库 66排8列5层/ [索取号:D0/L189] | 在馆 | |
| 3 | 621161 | 206211614 | 社科库509/509社科库 66排8列5层/ [索取号:D0/L189] | 在馆 |